Datum a čas kvízu
28.5
Celkem bodů
Celkový počet nahraných bodů na tomto kvízu bez doplňovacích otázek.
4.
Pořadí na kvízu
Konečné umístění týmu na tomto kvízu.
Zaznamenané odpovědi
| # | Otázka | Odpověď | Body | Výsledky |
|---|---|---|---|---|
| 1. | Miloš Zeman se poprvé po ledno... | 0 | ||
| 2. | Německá armáda schválila verzi... | 0 | ||
| 3. | Že americká skupina Metallica... | 0 | ||
| 4. | Sada smajlíků Emoji bude opět... | 1 | ||
| 5. | Minulý týden ukončil svou kar... | 1 | ||
| 6. | Oslí můstek je výraz, který se... | 1 | ||
| 7. | Blízkým a poněkud ušlechtilejš... | 0 | ||
| 8. | Koňská síla (značka HP) je sta... | 1 | ||
| 9. | Nejen koně či automobily mají... | 1 | ||
| 10. | Abyste mohli ukázat svou sílu,... | 0 |